Housebuilding: February 2001 (Record no. 66717)

MARC details
000 -LEADER
fixed length control field 00726cam a2200217 4500
001 - CONTROL NUMBER
control field WB3715-12
008 - FIXED-LENGTH DATA ELEMENTS--GENERAL INFORMATION
fixed length control field 000000n2001 000 0 eng u
035 ## - SYSTEM CONTROL NUMBER
System control number (Sirsi) u111999
245 ## - TITLE STATEMENT
Title Housebuilding: February 2001
260 ## - PUBLICATION, DISTRIBUTION, ETC.
Date of publication, distribution, etc. 2001
490 ## - SERIES STATEMENT
Series statement National Statistics Press Release
Volume/sequential designation 5 April 2001 (6)
520 ## - SUMMARY, ETC.
Summary, etc. It is provisionally estimated that 14,300 houses were started in Great Britain compared with 15,600 in February 2000. Completions were 11,100 compared with 12,600 the previous year.Tables. Graphs.
590 ## - LOCAL NOTE (RLIN)
Local note WB
650 ## - SUBJECT ADDED ENTRY--TOPICAL TERM
Topical term or geographic name entry element STATISTICS
650 ## - SUBJECT ADDED ENTRY--TOPICAL TERM
Topical term or geographic name entry element DETR
650 ## - SUBJECT ADDED ENTRY--TOPICAL TERM
Topical term or geographic name entry element STARTS AND COMPLETIONS
650 ## - SUBJECT ADDED ENTRY--TOPICAL TERM
Topical term or geographic name entry element HOUSING ASSOCIATIONS
650 ## - SUBJECT ADDED ENTRY--TOPICAL TERM
Topical term or geographic name entry element HOUSE BUILDING
690 ## - LOCAL SUBJECT ADDED ENTRY--TOPICAL TERM (OCLC, RLIN)
Topical term or geographic name as entry element HOUSING
942 ## - ADDED ENTRY ELEMENTS (KOHA)
Suppress in OPAC 0
Holdings
Withdrawn status Lost status Source of classification or shelving scheme Damaged status Not for loan Home library Current library Shelving location Date acquired Total Checkouts Full call number Barcode Date last seen Copy number Price effective from Koha item type
    Dewey Decimal Classification     London London News article 11/04/2001   WB3715-12 111999-1001 06/08/2019 1 06/08/2019 News article